| 000 | 01215cam a2200325 a 4500 | ||
|---|---|---|---|
| 001 | 000011896 | ||
| 005 | 20200929162616.0 | ||
| 008 | 970317s1997 mauabc 000 0 eng | ||
| 010 | _a97012875 | ||
| 020 | _a0070076995 (pbk. : alk. paper) | ||
| 040 |
_aDO-SdBNP _cDLC _dDLC |
||
| 041 | 0 | 7 |
_aeng _hspa |
| 043 |
_ae-sp--- _acl----- |
||
| 082 |
_a468.6 _bB845p |
||
| 100 | 1 |
_aBretz, Mary Lee. _928130 |
|
| 245 | 1 | 0 |
_aPasajes. _pCultura / _cMary Lee Bretz, Trisha Dvorak, Carl Kirschner ; contribuyentes Miryam Criado ... [et al.]. |
| 250 | _a4. ed. | ||
| 260 |
_aBoston, Massachusetts : _bMcGraw Hill, _c1997. |
||
| 300 |
_axvii, 310 p. : _bil., map., retr. ; _c26 cm. |
||
| 500 | _a"Este es un libro de EBI"--T.p. verso. | ||
| 546 | _aEnglish and Spanish. | ||
| 650 | 4 |
_aLengua española _xLectores _xCivilización hispánica _928131 |
|
| 650 | 4 |
_aCivilización hispánica _928132 |
|
| 700 | 1 |
_aDvorak, Trisha. _928133 |
|
| 700 | 1 |
_aKirschner, Carl, _d1948- _928134 |
|
| 856 | 4 | 2 |
_3Descripción editorial _uhttp://www.loc.gov/catdir/description/mh022/97012875.html |
| 856 | 4 | 1 |
_3Tabla de contenido _uhttp://www.loc.gov/catdir/toc/mh022/97012875.html |
| 910 | _aCatalogación derivada / LC | ||
| 049 | _aBNGR | ||
| 999 |
_c11566 _d11566 |
||